书目信息 |
| 题名: |
解析几何
|
|
| 作者: | ;河北省高教局教研室 编 | |
| 分册: | 上册 | |
| 出版信息: | 保定 不详 不详 |
|
| 页数: | 164页 | |
| 开本: | 19cm | |
| 丛书名: | ||
| 单 册: | ||
| 中图分类: | O182.2 | |
| 科图分类: | ||
| 主题词: | 几何 , 拓扑 | |
| 电子资源: | ||
| ISBN: | ||
| 000 | 00522nam0 2200193 45 | |
| 001 | 0405250856 | |
| 005 | 20060510105108.62 | |
| 010 | @dCNY1.40 | |
| 100 | @a20040525d不详 km y0chiy0120 ea | |
| 101 | 0 | @achi |
| 200 | 1 | @a解析几何@AJie Xi Ji He@h上册@f河北省高教局教研室编@FHe Bei Sheng Gao Jiao Ju Jiao Yan Shi Bian |
| 210 | @a保定@c不详@d不详 | |
| 215 | @a164页@d19cm | |
| 606 | 0 | @a几何 |
| 606 | 0 | @a拓扑 |
| 690 | @aO182.2@v3 | |
| 711 | 02 | @a河北省高教局教研室@4编 |
| 801 | @aCN@bPftUser@c20060510 | |
| 905 | @dO182.2@e15:1 | |
| 解析几何.上册/河北省高教局教研室编.-保定:不详,不详 |
| 164页;19cm |
| ISBN :CNY1.40 |
| ● |
| 相关链接 |
|
|
|
|
正题名:解析几何
索取号:O182.2/15:1
 
预约/预借
| 序号 | 登录号 | 条形码 | 馆藏地/架位号 | 状态 | 备注 |
| 1 | 0130859 | 000398288 | 第三借阅区/ [索取号:O182.2/15:1] | 在馆 | |
| 2 | 0130860 | 000398313 | 第二样本阅览室/ [索取号:O182.2/15:1] | 在馆 | |
| 3 | 0130861 | 202310560 | 密集书库/ [索取号:O182.2/15:1] | 在馆 |